| 000 | 00364nam a2200133Ia 4500 | ||
|---|---|---|---|
| 008 | 220217s9999||||xx |||||||||||||| ||und|| | ||
| 020 | _a81-7515-191-9 | ||
| 082 | _a004.6 BAS | ||
| 100 |
_aBasandra, S.K Jaiswal, S _92146 |
||
| 245 | 0 | _aLocal area networks | |
| 260 |
_aGalgotia publications _bNew Delhi _c2001 |
||
| 300 | _b320 | ||
| 650 | _aCOMPUTER NETWORK | ||
| 999 |
_c168388 _d168388 |
||